Quiz sur l'Ariège - Statistiques

Statistiques générales
  • Ce quiz a été pris 352 fois
  • Le résultat moyen est 14 sur 20
Statistiques - réponses
Question Réponse % Correct
Numéro du département 09
98%
Région Occitanie
98%
Espagne
95%
Préfecture Foix
95%
Pays limitrophes Andorre
93%
Haute-Garonne
85%
Départements limitrophes Aude
83%
Sous-préfecture et plus grande ville Pamiers
82%
Gentilé Ariégeois
72%
Pyrénées-Orientales
72%
Commune combinant station de ski la plus fréquentée d'Ariège et station thermale. Ax-les-Thermes
67%
Thème historique du parc de Tarascon-sur-Ariège mettant en lumière la découverte de différents lieux habités à cette époque. Préhistoire
65%
Celle de Lombrives serait la plus vaste d'Europe Grotte
62%
Minerai bénéfique pour la peau, notamment celle des bébés, extrait de la carrière de Trimouns qui fournit 10% de la production mondiale. Talc
61%
Mouvement religieux à lequel appartenaient les quelques 200 personnes brûlées dans le château de Montségur. Catharisme
56%
Ancien footballeur, champion du monde depuis 1998, né à Lavelanet. Fabien Barthez
55%
Autre sous-préfecture Saint-Girons
54%
Nombre d'habitants (arrondi à la dizaine de milliers d'habitants) 150 000 (153 066)
47%
Nom donné aux communes du sud ouest construites au Moyen-Age souvent en forme de quadrillage à l'instar de Tarascon-en-Ariège ou Le Mas-d'Azil. Bastide
24%
Ancienne province à laquelle appartenaient les communes de Mirepoix et Lavelanet. Languedoc
17%
Aucun quiz correspondant
Distribution des résultats
% des personnes avec chaque résultat
Percentile par nombre de réponses
Votre historique - résultats
Vous n’avez pas pris ce quiz